Statistics for 20 Minecraft Players on YouTube

Click here to take the quiz!

General Stats

  • This quiz has been taken 41 times
  • The average score is 4 of 20

Answer Stats

NumberAnswer% Correct
11.Dream
96%
15.Technoblade
64%
16.TommyInnit
54%
1.GeorgeNotFound
43%
12.Sapnap
43%
18.DanTDM
39%
7.Mr. Beast
36%
6.Preston
18%
2.Brianna
11%
8.Unspeakable
11%
17.Jelly
7%
3.Wisp
7%
20.JeromeASF
4%
14.MagicGum
4%
19.Memuelous
4%
9.RyanNotBrian
4%
5.Ssundee
4%
4.BionicMC
0%
10.Silver
0%
13.Sub
0%

Score Distribution

Percentile by Number Answered

Percent of People with Each Score

Your Score History

You have not taken this quiz